BSOP header

Negros Oriental from American rule to the present : (Record no. 7006)

MARC details
000 -LEADER
fixed length control field 00743nam a2200193 4500
008 - FIXED-LENGTH DATA ELEMENTS--GENERAL INFORMATION
fixed length control field 020611s1989 enk engYA
100 1# - MAIN ENTRY--PERSONAL NAME
Personal name Aldecoa-Rodriguez, Caridad
245 10 - TITLE STATEMENT
Title Negros Oriental from American rule to the present :
Remainder of title a history /
Statement of responsibility, etc Caridad Aldecoa-Rodriguez.
260 ## - PUBLICATION, DISTRIBUTION, ETC. (IMPRINT)
Place of publication, distribution, etc Tokyo :
Name of publisher, distributor, etc Toyota Foundation ; Dumaguete City : Provincial Government of Negros Oriental,
Date of publication, distribution, etc c1989.
300 ## - PHYSICAL DESCRIPTION
Extent various paginations :
Other physical details ills. map.;
Dimensions 23cm.
336 ## - CONTENT TYPE
Content Type Term text
337 ## - MEDIA TYPE
Media Type Term unmediated
338 ## - CARRIER TYPE
Carrier Type Term volume
505 0# - FORMATTED CONTENTS NOTE
Formatted contents note vol. II Part I - The American period ; vol. II Part III - The Republic period.
650 #4 - SUBJECT ADDED ENTRY--TOPICAL TERM
Topical term or geographic name as entry element Negrense (Philippine people).
650 #4 - SUBJECT ADDED ENTRY--TOPICAL TERM
Topical term or geographic name as entry element Ethnology
Geographic subdivision Philippines.
651 #4 - SUBJECT ADDED ENTRY--GEOGRAPHIC NAME
Geographic name Philippines
General subdivision sHistory.
942 ## - ADDED ENTRY ELEMENTS (KOHA)
Source of classification or shelving scheme Library of Congress Classification
Item type Books
Holdings
Withdrawn status Lost status Source of classification or shelving scheme Damaged status Not for loan Home library Current library Shelving location Date acquired Inventory number Shelving control number Total Checkouts Full call number Barcode Date last seen Price effective from Koha item type
    Library of Congress Classification     BSOP Library BSOP Library Filipiniana 12/21/2000 13469 127   DS688 Al2 v.II 00016233 02/23/2013 02/23/2013 Books
BSOP

Biblical Seminary of the Philippines
  All rights Reserved
  © 2024

CONTACT INFORMATION

Biblical Seminary of the Philippines,
  77-B Karuhatan Road, Valenzuela City,
  PHILIPPINES 1441
  Phone: +632 8292-6795 / 8292-6798
  Fax : +632 8292-6675
  Email: library@bsop.edu.ph